000 00739nam a2200217Ii 4500
003 JO-AjNU
008 230605s9999||||xx |||||||||||||| ||und||
017 _a80/3875
020 _a977-7337-51-9
040 _aJO-AjNU
_bara
_erda
_cJO-AjNU
041 _aara
050 1 4 _aPJ616.A7 1973
100 3 _aتاليف عصفور، جابر أحمد,
_eauthor
_939307
245 0 0 _aالصورة الفنية في التراث النقدي والبلاغي
264 3 1 _aالقاهرة:دار المعارف، 1973
300 _a451ص
336 _atext
_btxt
_2rdacontent
337 _aunmediated
_bn
_2rdamedia
338 _avolume
_bnc
_2rdacarrier
650 4 _aالصورة الفنية-التراث النقدي والبلاغي
_939308
999 _aA16590
_c20158
_d20158